James Woods Filmography - Statistics

General Stats
  • This quiz has been taken 34 times
    10 since last reset
  • The average score is 51 of 182
Answer Stats
Type Year Name % Correct
Film 1995 Casino
83%
Video Game 1997 Disney's Hercules
83%
TV Show 1998-1999 Disney's Hercules: The Animated Series
83%
TV Show 1977 Family
83%
TV Show 2005-2016 Family Guy
83%
Film 1997 Hercules
83%
Film 1996 Ghosts of Mississippi
67%
Short Film 2023 Once Upon a Studio
67%
Film 1984 Once Upon a Time in America
67%
Film 2001 Recess: School's Out
67%
Film 1986 Salvador
67%
Film 2002 Stuart Little 2
67%
Film 1999 The General's Daughter
67%
Film 1991 The Hard Way
67%
TV Show 1994 The Simpsons
67%
Film 1994 The Specialist
67%
Film 1999 The Virgin Suicides
67%
Film 1998 Vampires
67%
Film 1984 Against All Odds
50%
Film 1999 Any Given Sunday
50%
Film 2005 Ark
50%
Film 1985 Cat's Eye
50%
Film 1992 Chaplin
50%
Film 1988 Cop
50%
Film 1994 Curse of the Starving Class
50%
Film 1981 Eyewitness
50%
Film 2001 Final Fantasy: The Spirits Within
50%
Film 2002 John Q.
50%
TV Show 2016-2017 Justice League Action
50%
Film 2010 Justice League: Crisis on Two Earths
50%
Video Game 2002 Kingdom Hearts
50%
Video Game 2005 Kingdom Hearts II
50%
Video Game 2019 Kingdom Hearts III
50%
Film 2002 Mickey's House of Villains
50%
Film 1995 Nixon
50%
Film 1999 Play It to the Bone
50%
Film 2001 Riding in Cars with Boys
50%
Film 2001 Scary Movie 2
50%
Film 1992 Straight Talk
50%
Film 2011 Straw Dogs
50%
Film 2007 Surf's Up
50%
Film 1980 The Black Marble
50%
Film 1994 The Getaway
50%
Film 1979 The Onion Field
50%
TV Show 1975 The Streets of San Francisco
50%
Film 1999 True Crime
50%
Film 1976 Alex & the Gypsy
33%
Film 2008 An American Carol
33%
Film 1998 Another Day in Paradise
33%
Film 2005 Be Cool
33%
Film 1987 Best Seller
33%
TV Show 2001 Clerks: The Animated Series
33%
Film 1997 Contact
33%
Film 1992 Diggstown
33%
Video Game 2023 Disney Speedstorm
33%
Film 2006 End Game
33%
TV Show 2006 Entourage
33%
TV Show 2006 ER
33%
Film 1982 Fast-Walking
33%
Film 1995 For Better or Worse
33%
Video Game 2004 Grand Theft Auto: San Andreas
33%
Film 1972 Hickey & Boggs
33%
Film 1989 Immediate Family
33%
Film 1985 Joshua Then and Now
33%
Film 1997 Kicked in the Head
33%
Film 1995 Killer: A Journal of Murder
33%
Video Game 2010 Kingdom Hearts Birth by Sleep
33%
Video Game 2004 Kingdom Hearts: Chain of Memories
33%
Film 2011 Mia and the Migoo
33%
TV Film 1989 My Name Is Bill W.
33%
Film 1975 Night Moves
33%
Film 2003 Northfork
33%
Film 2005 Pretty Persuasion
33%
Film 2001 Race to Space
33%
Film 2002 Rolie Polie Olie: The Great Defender of Fun
33%
TV Show 1989 Saturday Night Live
33%
Video Game 2006 Scarface: The World Is Yours
33%
TV Show 2006-2008 Shark
33%
Film 1982 Split Image
33%
Film 1988 The Boost
33%
Film 1977 The Choirboys
33%
Film 2004 The Easter Egg Adventure
33%
Film 1974 The Gambler
33%
TV Show 1974 The Rockford Files
33%
Film 1972 The Visitors
33%
Film 1973 The Way We Were
33%
Film 2003 This Girl's Life
33%
Film 1989 True Believer
33%
Film 1983 Videodrome
33%
Film 2013 White House Down
33%
TV Film 1972 A Great American Tragedy
17%
TV Film 1979 ...And Your Name Is Jonah
17%
TV Film 1985 Badge of the Assassin
17%
TV Show 1976 Barnaby Jones
17%
Film 2016 Bling
17%
Commercial 2002 Blockbuster Video
17%
Theater 1970 Borstal Boy
17%
TV Film 1992 Citizen Cohn
17%
TV Mini-Series 2012 Coma
17%
TV Film 1988 Crimes of Passion
17%
TV Show 2017 Dice
17%
TV Film 2000 Dirty Pictures
17%
TV Show 2001-2002 Disney's House of Mouse
17%
TV Show 1993 Dream On
17%
TV Show 1993 Fallen Angels
17%
Theater 1973 Finishing Touches
17%
Documentary 2016 First Contact
17%
TV Documentary 2002 Founding Brothers
17%
Documentary Mini-Series 2000 Founding Fathers
17%
Film 1999 Hercules: Zero to Hero
17%
TV Mini-Series 1978 Holocaust
17%
TV Short 1999 Hooves of Fire
17%
TV Film 1995 Indictment: The McMartin Trial
17%
TV Film 1987 In Love and War
17%
Film 2014 Jamesy Boy
17%
TV Film 1994 Jane's House
17%
Video Game 2010 Kingdom Hearts Re:coded
17%
TV Show 1974 Kojak
17%
TV Film 2013 Mary and Martha
17%
Commercial 1980s Miller Beer
17%
Documentary Series 2003 Moments in Time
17%
Theater 1972 Moonchildren
17%
TV Film 1994 Next Door
17%
TV Show 2005 Odd Job Jack
17%
Film 2013 Officer Down
17%
Video Game 1998 Of Light and Darkness: The Prophecy
17%
TV Show 1976 Police Story
17%
TV Film 1986 Promise
17%
TV Film 1977 Raid on Entebbe
17%
TV Show 2013 Ray Donovan
17%
TV Short 2002 Robbie the Reindeer in Legend of the Lost Tribe
17%
TV Film 2003 Rudy: The Rudy Giuliani Story
17%
TV Film 1978 The Billion Dollar Bubble
17%
TV Film 1991 The Boys
17%
TV Film 1976 The Disappearance of Aimee
17%
TV Film 1978 The Gift of Love
17%
TV Film 1979 The Incredible Journey of Doctor Meg Laurel
17%
TV Show 1980 The Mike Douglas Show
17%
Theater 1969 The Penny Wars
17%
TV Show 1975 The Rookies
17%
TV Film 1996 The Summer of Ben Tyler
17%
Theater 1971 The Trial of Catonsville Nine
17%
TV Film 2011 Too Big to Fail
17%
TV Show 1975 Welcome Back, Kotter
17%
TV Film 1990 Women & Men: Stories of Seduction
17%
TV Show 1979, 1980 Young Maverick
17%
Theater 2012 13
0%
Theater 2011 A Christmas Carol
0%
TV Film 1971 All the Way Home
0%
Theater 2014 Anne of Green Gables
0%
TV Show 1976 Bert D'Angelo/Superstar
0%
Documentary 2005 Buddy
0%
Video Game 1997 Disney's Animated Storybook: Hercules
0%
Video Game 1998 Disney's Hades Challenge
0%
Director 2002 Falling in Love in Pongo Ponga
0%
TV Film 1972 Footsteps
0%
TV Film 1975 Foster & Laurie
0%
TV Film 1975 F. Scott Fitzgerald in Hollywood
0%
Documentary Series 2013 Funscape with James Woods
0%
Theater 1982 Gardenia
0%
TV Special 1990 Grammy Legends
0%
Theater 1972, 1973 Green Julia
0%
Commercial 2005 HollywoodPoker.com
0%
Documentary Series 1976 Horizon
0%
TV Show 2009 iCarly
0%
Director 2003 I'm a Stroke
0%
Theater 2009 Inherit the Wind
0%
Video Game 2014 Kingdom Hearts HD 2.5 Remix
0%
Video Game 2007 Kingdom Hearts II: Final Mix+
0%
Theater 2013 Life with Father
0%
Theater 2011 Oliver!
0%
TV Mini-Series 2005 Poker Royale: The James Woods Gang vs. The Unabombers
0%
Theater 2014 Ragtime
0%
Video Game 2012 Sorcerers of the Magic Kingdom
0%
Award Show 1991 The 12th Annual CableACE Awards
0%
Short Documentary 1997 The Making of 'Hercules'
0%
Theater 1981 The One Act Play Festival
0%
Theater 2008 The Secret Garden
0%
Theater 2007 The Will Rogers Follies
0%
Short TV Documentary 1991 Voices That Care
0%
TV Documentary 1990 Wildfire
0%
TV Documentary 1999 World's Deadliest Earthquakes
0%
No matching quizzes found
Score Distribution
Percent of People with Each Score
Percentile by Number Answered
Your Score History
You have not taken this quiz since the last reset